| 000 | 00331nam a2200085Ia 4500 | ||
|---|---|---|---|
| 008 | 240331s9999 xx 000 0 und d | ||
| 082 | _bREP | ||
| 245 | 0 |
_aReport of the world conference to review and appraise the achievements of the United Nations Decade for Women : _bEquality, Development and Peace - Nairobi 15-26 July 1985 |
|
| 942 | _cL | ||
| 999 |
_c2446 _d2446 |
||